PSG Compo 2018-2019 ❤️💙 - Statistiques

Statistiques générales
  • Ce quiz a été pris 528 fois
  • Le résultat moyen est 19 sur 27
Statistiques - réponses
Poste Pays Numéro Joueur % Correct
Défenseur Brésil 5 Marquinhos
96%
Attaquant France 7 Kylian Mbappé
94%
Milieu Italie 6 Marco Verratti
94%
Attaquant Brésil 10 Neymar Jr
94%
Gardien France 16 Alphonse Areola
92%
Attaquant Uruguay 9 Edinson Cavani
92%
Défenseur France 3 Presnel Kimpembe
91%
Gardien Italie 1 Gianluigi Buffon
88%
Attaquant Argentine 11 Ángel Di María
87%
Gardien Allemagne 30 Kevin Trapp
87%
Défenseur Belgique 12 Thomas Meunier
87%
Défenseur Brésil 2 Thiago Silva
85%
Milieu Allemagne 23 Julian Draxler
81%
Entraineur Allemagne Thomas Tuchel
81%
Milieu Argentine 8 Leandro Paredes
79%
Milieu France 25 Adrien Rabiot
78%
Attaquant Cameroun 17 Eric Maxim Choupo-Moting
76%
Défenseur Allemagne 4 Thilo Kehrer
73%
Défenseur Brésil 13 Dani Alves
72%
Défenseur Espagne 14 Juan Bernat
69%
Attaquant États-Unis 21 Timothy Weah
66%
Défenseur France 20 Layvin Kurzawa
56%
Milieu France 24 Christopher Nkunku
40%
Attaquant France 27 Moussa Diaby
28%
Milieu France 19 Lassana Diarra
15%
Attaquant Espagne 22 Jesé Rodríguez
14%
Défenseur France 34 Stanley N'Soki
13%
Aucun quiz correspondant
Distribution des résultats
% des personnes avec chaque résultat
Percentile par nombre de réponses
Votre historique - résultats
Vous n’avez pas pris ce quiz